000 00303nam a2200121Ia 4500
008 191201s2019 xx 000 0 und d
100 _aBAHGA,Arshdeep
245 0 _aInternet of Things: A Hand on Approach
260 _bUniversity Press
_c2019
300 _a520
650 _aB.Tech(ECE)
942 _2ddc
_cBK
999 _c7084
_d7084